000 00935cam a22001934a 4500
005 20250605164139.0
008 250528s ||||||||||||||||||||||||d
035 _a18910
020 _a6612685
040 _aGR-AtMCL
_bgre
_dGR-AtMCL
_eAACR2
245 1 _aA Structural History of English
260 _bSt Martin Press,
_c1966
300 _a428
520 _aPreface, A Linguistic Key, The Present Status of English, The Present Structure of English, The History of Old English 450-1150 A.D., The Structure of Old English, The History of Middle English 1150-1500 A.D., The Structure of Middle English, The History of Early Modern English 1500-1650, The Structure of Early Modern English, Authoritarian English 1650-1800, Mature Modern English 1800-1920, American English, The Future of the English Language, Selective Glossary, Index.
700 1 _aPagoulatou-Vlachou V
_95194
942 _cBK
999 _c4211
_d4211